[Event "2018_CEG Riscle A"]
[Site "Riscle"]
[Date "2018.08.06"]
[Round "6.4"]
[White "Harutyunyan, Axel"]
[Black "Gonzalez Santamartin, Jorge"]
[Result "1/2-1/2"]
[WhiteElo "1993"]
[BlackElo "2146"]
[PlyCount "49"]
[EventDate "2018.??.??"]

1. e4 e5 2. Nf3 Nc6 3. Bc4 Bc5 4. c3 Nf6 5. d3 d6 6. Nbd2 a6 7. Bb3 Ba7 8. O-O
Ne7 9. h3 Ng6 10. Re1 O-O 11. Nf1 Nh5 12. Bg5 Qe8 13. d4 h6 14. Nxe5 Nxe5 15.
Qxh5 hxg5 16. dxe5 Qxe5 17. Rad1 Qf6 18. Ne3 Be6 19. Rd3 Rac8 20. Re2 Bxb3 21.
Ng4 Qe6 22. axb3 f5 23. exf5 Qxe2 24. Nh6+ Kh7 25. Ng4+ 1/2-1/2

[Event "2018_CEG Riscle A"]
[Site "Riscle"]
[Date "2018.08.06"]
[Round "7.1"]
[White "Fournier, Loic"]
[Black "Youssoupov, Moisse"]
[Result "1/2-1/2"]
[WhiteElo "1966"]
[BlackElo "2235"]
[PlyCount "46"]
[EventDate "2018.??.??"]
[WhiteTeam "Echiquier Tressois"]
[BlackTeam "La Tour de Caylus"]

1. d4 g6 2. Nf3 Bg7 3. Bf4 Nf6 4. e3 d6 5. h3 O-O 6. Be2 Nbd7 7. O-O b6 8. c3
Bb7 9. Nbd2 Ne4 10. Qc2 Nxd2 11. Qxd2 e5 12. Bh2 e4 13. Ne1 f5 14. c4 a5 15.
Nc2 Qh4 16. Na3 g5 17. Nb5 Rac8 18. Rac1 Kh8 19. a3 Ba6 20. Na7 Rcd8 21. Nb5
Rc8 22. Na7 Rcd8 23. Nb5 Rc8 1/2-1/2

[Event "2018_CEG Riscle A"]
[Site "Riscle"]
[Date "2018.08.06"]
[Round "7.2"]
[White "Terryn, Ezra"]
[Black "Jackson, Thomas"]
[Result "0-1"]
[WhiteElo "2007"]
[BlackElo "2023"]
[PlyCount "78"]
[EventDate "2018.??.??"]
[BlackTeam "Thomas Bourgneuf - Creteil"]

1. e4 c5 2. d4 cxd4 3. c3 dxc3 4. Nxc3 Nc6 5. Nf3 e6 6. Bc4 d6 7. O-O Nf6 8.
Qe2 Be7 9. Rd1 e5 10. Be3 O-O 11. Rac1 Bg4 12. h3 Bxf3 13. Qxf3 Rc8 14. Qe2 a6
15. Bd5 Qa5 16. a3 Bd8 17. Rd2 Qc7 18. Rcd1 Qd7 19. Ba2 Bc7 20. f4 exf4 21.
Bxf4 Qe7 22. Bxd6 Bxd6 23. Rxd6 Rfe8 24. Qe3 Ne5 25. Qb6 Nh5 26. Nd5 Qg5 27.
Qe3 Qh4 28. Nb6 Rc2 29. Nd7 Nf4 30. Nxe5 Rxg2+ 31. Kh1 Rg3 32. Qxg3 Qxg3 33.
R1d2 Ne6 34. Nd7 Qxh3+ 35. Kg1 Qe3+ 36. Kh1 Qxe4+ 37. Rg2 Qh4+ 38. Kg1 Nf4 39.
Ne5 Rxe5 0-1

[Event "2018_CEG Riscle A"]
[Site "Riscle"]
[Date "2018.08.06"]
[Round "7.3"]
[White "Ringuet, Noe"]
[Black "Harutyunyan, Axel"]
[Result "1-0"]
[WhiteElo "2212"]
[BlackElo "1993"]
[PlyCount "85"]
[EventDate "2018.??.??"]
[WhiteTeam "Echiquier de Picardie Maritime"]

1. e4 c5 2. Nf3 Nc6 3. d4 cxd4 4. Nxd4 Nf6 5. Nc3 g6 6. Be3 Bg7 7. Nxc6 bxc6 8.
e5 Ng8 9. Bd4 f6 10. f4 Qa5 11. Qe2 fxe5 12. Bxe5 Bxe5 13. fxe5 Rb8 14. Qe3
Rxb2 15. Kd2 Qb6 16. Bd3 Qxe3+ 17. Kxe3 Nh6 18. Rab1 Rxb1 19. Rxb1 O-O 20. h3
d5 21. Kd4 Nf7 22. Na4 Ng5 23. Nc5 Rf4+ 24. Ke3 Rf8 25. Rb8 Kf7 26. Ra8 Ne6 27.
Nxe6 Kxe6 28. Ba6 Kd7 29. Rxa7+ Ke6 30. Ra8 Bxa6 31. Rxf8 Kxe5 32. Rf7 d4+ 33.
Kd2 Kd6 34. Rxh7 Bc4 35. a4 Bd5 36. g3 c5 37. a5 e6 38. a6 Kc6 39. Rb7 Bc4 40.
Re7 Kb6 41. a7 Bd5 42. Rxe6+ Kxa7 43. Rxg6 1-0

[Event "2018_CEG Riscle A"]
[Site "Riscle"]
[Date "2018.08.06"]
[Round "7.4"]
[White "Gonzalez Santamartin, Jorge"]
[Black "Koch, Alain"]
[Result "1-0"]
[WhiteElo "2146"]
[BlackElo "1931"]
[PlyCount "105"]
[EventDate "2018.??.??"]
[BlackTeam "L'Echiquier du Lac Enghien"]

1. d4 d5 2. c4 e6 3. Nc3 Nf6 4. Bg5 Be7 5. Nf3 Nc6 6. e3 O-O 7. cxd5 exd5 8.
Bd3 h6 9. Bxf6 Bxf6 10. Qb3 Ne7 11. O-O c6 12. Qc2 Bg4 13. Nd2 Bh5 14. b4 a6
15. a4 Bg6 16. Rfb1 Bxd3 17. Qxd3 b6 18. Nb3 Ng6 19. Rc1 Qd7 20. Ne2 Be7 21. a5
b5 22. Nc5 Qg4 23. h3 Qc8 24. Qc3 Bd6 25. Nd3 Ne7 26. Ne5 f6 27. Nxc6 Nxc6 28.
Qb3 Qe6 29. Rxc6 Bh2+ 30. Kxh2 Qxc6 31. Rc1 Qd6+ 32. Nf4 g5 33. Qxd5+ Qxd5 34.
Nxd5 Kg7 35. Nb6 Rad8 36. d5 f5 37. f3 h5 38. Kg1 g4 39. Kf2 f4 40. e4 gxh3 41.
gxh3 Kf6 42. Rc7 Rf7 43. Rc6+ Kg5 44. e5 Re7 45. e6 Kf5 46. Nc8 Kf6 47. Nxe7
Kxe7 48. Rc7+ Kf6 49. Rd7 Re8 50. Ke2 Rg8 51. e7 Re8 52. d6 Kf7 53. Rd8 1-0